000
00306nam a2200121Ia 4500
005
20251222155154.0
008
251222s9999||||xx |||||||||||||| ||spa||
082
_a
EBA. 43
100
_a
Esc.Enferm. P.L.T.
245
0
_a
Proceso de EnfermerÃa como Instrumento Trabajo
264
_b
No tiene
942
_c
LIB
999
_c
39679
_d
39679